000
00370nam a2200145Ia 4500
008
231129s2013||||xx |||||||||||||| ||spa||
020
_a
958-42-1125-0
040
_b
spa
082
_a
Co863 S586p
100
_a
Silva Romero Ricardo
245
0
_a
Parece que va a llover
260
_c
2013
264
_a
Planeta
942
_2
ddc
_c
BKS
999
_c
22437
_d
22437